header

New trends in software methodologies, tools and techniques (Record no. 181206)

MARC details
000 -LEADER
fixed length control field 01552nam a2200349Ia 4500
082 04 - DEWEY DECIMAL CLASSIFICATION NUMBER
Classification number 005.1
245 00 - TITLE STATEMENT
Title New trends in software methodologies, tools and techniques
260 ## - PUBLICATION, DISTRIBUTION, ETC. (IMPRINT)
Place of publication Amsterdam ;
-- Washington, D.C. :
Name of publisher IOS Press,
Year of publication 2005.
300 ## - PHYSICAL DESCRIPTION
Number of Pages xiii, 407 p. :
Other physical details ill.
490 1# - SERIES STATEMENT
Series statement Frontiers in artificial intelligence and applications ;
650 #0 - SUBJECT ADDED ENTRY--TOPICAL TERM
Topical Term Artificial intelligence
Topical Term Computer software
Topical Term Expert systems (Computer science)
Topical Term Software engineering
700 1# - ADDED ENTRY--PERSONAL NAME
Personal name Fujita, Hamido.
Personal name Mejri, Mohamed,
856 40 - ELECTRONIC LOCATION AND ACCESS
Uniform Resource Identifier http://site.ebrary.com/lib/rucke/Doc?id=10130643

No items available.

© 2026 Rongo University
Contact us: librarian | system librarian | Rongo university